| 000 | 00667nam a2200241 u 4500 | ||
|---|---|---|---|
| 001 | 000056749 | ||
| 005 | 20200120223319.0 | ||
| 008 | 100702s2010 ck gr 000 0 spa d | ||
| 020 | _a9788441527034 | ||
| 043 | _ae-sp--- | ||
| 082 | 0 | 4 |
_a004.678 _bM17t _221 |
| 100 | 1 | _aMartos Rubio, Ana | |
| 245 | 0 | 1 |
_aInternet : _bedición 2010 para torpes / _cAna Martos Rubio. |
| 250 | _a1a. ed. | ||
| 260 |
_aMadrid : _bAnaya, _c2010. |
||
| 300 |
_a366 p. : _bil. col. |
||
| 490 | 0 |
_aInformatica par torpes _v084 |
|
| 650 | 1 | 4 |
_aInternet _xEnseñanza |
| 650 | 2 | 4 | _aSistemas de información |
| 650 | 2 | 4 | _aRedes de información |
| 650 | 2 | 4 | _aSeguridad |
| 650 | 2 | 4 | _aNavegación |
| 999 |
_c6058 _d6058 |
||